LEADER 01495nlm 2200301 4450 001 996699482203316 005 20260114122217.0 010 $a9781400820603$b(ebook) 100 $a20230329d2003---- uy 0 101 0 $aeng 102 $aUK 135 $adrcnu 200 1 $aMerchants and revolution$ecommercial change, political conflict, and London's overseas traders, 1550-1653$fRobert Brenner 210 1 $aLondon$aNew York$cVerso$d[2003] 215 $aTesto elettronico (PDF) (XX, 734 p. ) 230 $aBase dati testuale 330 8 $aMerchants and Revolution esamina le attivitą della comunitą mercantile londinese durante il primo periodo Stuart. Proponendo una nuova comprensione del cambiamento commerciale a lungo termine, Robert Brenner spiega i fattori alla base dell'apertura del commercio a lunga distanza verso sud e verso est, descrivendo come i grandi mercanti della City esercitarono il loro potere per sfruttare le emergenti opportunitą commerciali e delineando il profilo dei nuovi commercianti coloniali, che divennero i principali artefici della dinamica politica commerciale del Commonwealth. 410 0$aACLS Humanities E-Book. 606 0 $aMercanti$yInghilterra$xStoria$2BNCF 676 $a382.09421 700 1$aBRENNER,$bRobert$f1943-$0121015 712 02$aAmerican Council of Learned Societies. 801 0$aIT$bcba$cREICAT 912 $a996699482203316 959 $aEB 969 $aER 996 $aMerchants and revolution$9500765 997 $aUNISA